00451nam a2200145Ia 4500008004100000100001500041245008400056245002900140260005900169260000900228300000900237650001800246650001500264856002600279170221s9999 xx 000 0 und d aAli Simsek aTransformation of Identities in the Mediated Landscape of the Network Society  cAli Simsek, Eylem Simsek bOnline Journal of Communication and Media Technologies c2016 a10 : xCommunication xMedia Arts uhttp://www.ojcmt.net/